000 01226nam0a2200349 4500
001 RU\NLR\bibl\788903
005 20250614121852.0
010 _a5-354-01032-2
_bв обл.
021 _aRU
_b2004-75949
_93746
035 _aRSL-KNO-002509138
035 _a(NLR Aleph) 000778162
090 _a1045112
_c1045112
100 _a20041207d2004 |||y0rusy50 ca
101 0 _arus
102 _aRU
105 _aa |||||||||
106 _ar
200 1 _aМировая розничная торговля
_eоснов. тенденции
_fЛ. А. Хасис
210 _aМ.
_cУРСС
_d2004
_gТип. ООО Рохос
215 _a79 с.
_cил., табл.
_d22
320 _aБиблиогр.: с. 78-79 (44 назв.) и в подстроч. примеч.
606 1 _aРозничная торговля
_91560485
_3RU\NLR\auth\66982986
610 0 _aМировая экономика -- Розничная торговля
686 _aУ542.220,0
_2rubbk
686 _aУ42(0)12
700 1 _aХасис
_bЛ. А.
_gЛев Аронович
_4070
801 0 _aRU
_bRuMoRKP
_c20041207
_grcr
801 1 _aRU
_bRuMoRGB
_c20041207
801 2 _aRU
_bNLR
_c20050418
_gPSBO
942 _cBOOK
980 _aNB